Význam farmakoekonomických vzťahov a sociálne problémy v liečbe psoriatickej artritídy

Bibliographic Details
Main Authors: Rovenský, Jozef, 1943-2024 (Author), Gregušková, K. (Author), Foltán, Viliam, 1946- (Author), Urbánková, L. (Author), Raffayová, H. (Author), Niepel, Gustáv, 1920-1987 (Author), Rovenská, E. ml (Author), Benešová, Jozefína (Author)
Format: Article
Language:Slovak
PhysicalDescription:Tab.
Subjects:

MARC

LEADER 00000nab a2200000 a 4500
001 vtls000700533
003 SK-MaSNL
005 20260304174318.0
008 250429c1999 xo 0 slo
015 |a SNBRB1999/09-19857 
035 |a CLN000052700 
035 |a urn:nbn:sk:snk-ab6t9z 
035 |a (uuid)4d95f65d-d94d-4912-afe1-ad936716c841 
035 |a (urnnbn)urn:nbn:sk:snk:ar-a05qug 
035 |a (sysno)vtls000700533 
040 |a SNKBUCL  |b slo  |c SNKBUCL  |e AACR2 
041 0 |a slo 
044 |a xo  |c SK 
080 |a 616.72-002:616.517  |2 1997 
080 |a 616.517  |2 1997 
080 |a 615.276  |2 1997 
080 |a 615.262  |2 1997 
245 0 0 |a Význam farmakoekonomických vzťahov a sociálne problémy v liečbe psoriatickej artritídy  |c J. Rovenský ... [et al.] 
300 |b Tab. 
504 |a Res. angl., slov. 
504 |a Bibliogr. odkazy 
650 0 7 |a psoriatická artritída  |2 snkbucl  |9 86536 
650 0 7 |a farmaceutická ekonomika  |2 snkbucl  |9 4987 
650 0 7 |a metotrexát  |2 snkbucl  |9 891488 
650 0 7 |a cyklosporín A  |2 snkbucl  |9 845666 
655 7 |a články z novín a časopisov  |2 snkbucl  |9 267496 
700 1 |a Rovenský, Jozef,  |d 1943-2024  |4 aut  |9 189097 
700 1 |a Gregušková, K.  |4 aut  |9 1298514 
700 1 |a Foltán, Viliam,  |d 1946-  |4 aut  |9 215600 
700 1 |a Urbánková, L.  |4 aut  |9 1298515 
700 1 |a Raffayová, H.  |4 aut  |9 959446 
700 1 |a Niepel, Gustáv,  |d 1920-1987  |4 aut  |9 253048 
700 1 |a Rovenská, E.  |c ml.  |4 aut  |9 1298517 
700 1 |a Benešová, Jozefína  |4 aut  |9 22880 
773 0 |t Rheumatologia  |g Roč. 13, č. 2 (1999), s. 45-50 
850 |a Slovenská národná knižnica 
852 |a Slovenská národná knižnica 
954 |a odborná, vedecká literatúra pôvodná (slovenská)  |2 lita 
958 |a article27 
958 |a NB 
958 |a OND 
958 |a EUIPO 
992 |a RBX 
999 |c 3007974  |d 3009904